Морфология, фазовый и химический состав порошков, полученных при электрическом взрыве алюминиевых проводников с покрытием; Современные техника и технологии; Т. 3

Dettagli Bibliografici
Parent link:Современные техника и технологии: сборник трудов XVII международной научно-практической конференции студентов, аспирантов и молодых ученых, Томск, 18-22 апреля 2011 г/ Национальный исследовательский Томский политехнический университет (ТПУ).— , 2011
Т. 3.— 2011.— [С. 455-456]
Autore principale: Шайхлисламов Р. З.
Altri autori: Тихонов Д. В. Дмитрий Владимирович (научный руководитель)
Riassunto:Заглавие с титульного экрана
Lingua:russo
Pubblicazione: 2011
Serie:Наноматериалы, нанотехнологии и новая энергетика
Soggetti:
Accesso online:http://www.lib.tpu.ru/fulltext/c/2011/C01/V03/220.pdf
Natura: Elettronico Capitolo di libro
KOHA link:https://koha.lib.tpu.ru/cgi-bin/koha/opac-detail.pl?biblionumber=235686

MARC

LEADER 00000naa2a2200000 4500
001 235686
005 20260105124432.0
035 |a (RuTPU)RU\TPU\book\256826 
035 |a RU\TPU\book\256824 
090 |a 235686 
100 |a 20130415d2011 k y0rusy50 ca 
101 0 |a rus 
102 |a RU 
135 |a drnn ---uucaa 
181 0 |a i  
182 0 |a b 
200 1 |a Морфология, фазовый и химический состав порошков, полученных при электрическом взрыве алюминиевых проводников с покрытием  |f Р. З. Шайхлисламов  |g науч. рук. Д. В. Тихонов 
203 |a Текст  |c электронный 
225 1 |a Наноматериалы, нанотехнологии и новая энергетика 
300 |a Заглавие с титульного экрана 
320 |a [Библиогр.: с. 456 (3 назв.)] 
337 |a Adobe Reader 
461 1 |0 (RuTPU)RU\TPU\book\255301  |t Современные техника и технологии  |o сборник трудов XVII международной научно-практической конференции студентов, аспирантов и молодых ученых, Томск, 18-22 апреля 2011 г  |o в 3 т.  |f Национальный исследовательский Томский политехнический университет (ТПУ)  |d 2011 
463 1 |0 (RuTPU)RU\TPU\book\255308  |t Т. 3  |v [С. 455-456]  |d 2011 
610 1 |a труды учёных ТПУ 
610 1 |a электронный ресурс 
610 1 |a морфология 
610 1 |a фазовый состав 
610 1 |a химический состав 
610 1 |a порошки 
610 1 |a электрический взрыв 
610 1 |a алюминиевые проводники 
700 1 |a Шайхлисламов  |b Р. З. 
702 1 |a Тихонов  |b Д. В.  |c российский ученый, специалист в области высоковольтной техники  |c доцент Томского политехнического университета, кандидат технических наук  |f 1965-  |g Дмитрий Владимирович  |3 (RuTPU)RU\TPU\pers\25645  |4 727 
801 2 |a RU  |b 63413507  |c 20130416  |g RCR 
856 4 |u http://www.lib.tpu.ru/fulltext/c/2011/C01/V03/220.pdf 
942 |c CF